000 00560nam a2200241Ia 4500
003 OSt
005 20220912152142.0
006 a|||||r|||| 00| 0
007 ta
008 220909b |||||||| |||| 00| 0 eng d
024 _a58060
037 _cTextual
040 _aCSL
_beng
_cCSL
041 _aeng
082 _aCN05, K83
100 _aBergmann Peter G
245 0 _aRiddle of gravitation
260 _c1968
300 _ap.
_ccm.
650 _aPhysics
942 _hCN05, K83
_cTEXL
_2CC
999 _c81867
_d81867